000 01575cam a2200289 a 4500
001 15299579
003 OSt
005 20230629104738.0
008 080521s2009 nyua b 001 0 eng
010 _a 2008022177
020 _a9780190641610
035 _a(OCoLC)ocn228676753
035 _a(OCoLC)228676753
_z(OCoLC)229023247
040 _aDLC
_cDLC
_dBAKER
_dBTCTA
_dYDXCP
_dC#P
_dBWX
_dDLC
050 0 0 _aHV9069.A55
082 0 0 _a364.36
_222
100 1 _aAgnew, Robert,
_91929
245 1 0 _aJuvenile delinquency : causes and control. /
_cRobert Agnew and Timothy Brezina
250 _a6th ed.
260 _aOxford :
_bOxford University Press,
_c2018.
300 _axii, 612 p. :
_bill. ;
_c26 cm.
504 _aIncludes bibliographical references (p. 490-611) and indexes.
505 _aContents: What is delinquency and how does it differ from adult crime? -- How is delinquency measured? -- How much delinquency is there, and is delinquency increasing? -- Who is most likely to engage in delinquency? -- What is a theory and how do we test theories ? -- The life course -- I delinquency more likely in certain situations? -- Group differences in delinquency -- Individual traits -- Pulling it all together -- Policies and programs -- The police -- Juvenile courts and corrections -- The juvenile justice system -- The strategies of deterrence and incapacitation -- Th e strategies of prevention and rehabilitation -- What should we do to reduce delinquency?
650 0 _aJuvenile delinquency.
_91930
700 _aBrezina, Timothy
_91931
942 _2lcc
_cBK
999 _c9856
_d17356